Diseño e implementación de un sistema de registro de personas mediante la identificación a partir de la huella dactilar
Uloženo v:
| Hlavní autor: | |
|---|---|
| Médium: | Kniha |
| Vydáno: |
[San José, Costa Rica]
2009
|
| Témata: | |
| Tagy: |
Přidat tag
Žádné tagy, Buďte první, kdo vytvoří štítek k tomuto záznamu!
|
MARC
| LEADER | 00000nam a2200000Ia 4500 | ||
|---|---|---|---|
| 003 | 001616 | ||
| 005 | 20240129093547.0 | ||
| 008 | 140114s2009 cr a 000 ||s d | ||
| 040 | |c cru CEDI | ||
| 090 | |a TFG 6128 | ||
| 100 | |a Pérez Mora, Aramis, 1978- |d Director/a de Proyecto Eléctrico |9 1338 | ||
| 245 | |a Diseño e implementación de un sistema de registro de personas mediante la identificación a partir de la huella dactilar | ||
| 260 | |c 2009 |b [San José, Costa Rica] | ||
| 500 | |a Proyecto de graduación (bachillerato en ingeniería eléctrica)--Universidad de Costa Rica. Facultad de Ingeniería. Escuela de Ingeniería Eléctrica, 2009 IE-0502 Proyecto Eléctrica | ||
| 650 | |x DACTILOSCOPIA |x BIOMETRIA |x IDENTIFICACION BIOMETRICA |x PROGRAMAS PARA COMPUTADORA |x ELECTRONICA |9 3155 | ||
| 942 | |c TFG | ||
| 999 | |c 16087 |d 16087 | ||
